000 00504nam a2200133Ia 4500
008 171212s9999 xx 000 0 und d
020 _a9781920942496
100 _aColeman, William;Cornish, Selwyn;Hagger, Alf
245 _cColeman, William;Cornish, Selwyn;Hagger, Alf
_aGiblin's Platoon
_bThe trials and triumph of the economist in Australian public life
260 _bANU E Press
_c2006
650 _aEconomics
650 _aEconomists -- Australia
856 _uwww.jstor.org/stable/10.2307/j.ctt2jbj9b
999 _c351130
_d351130